|
|
|
|
| LEADER |
00000aam a2200000 a 4500 |
| 001 |
vtls010285497 |
| 003 |
SK-MaSNL |
| 005 |
20260302011814.0 |
| 008 |
240314s2011 xo o g 000 0 slo |
| 015 |
|
|
|a SNBA2011/09-04813
|
| 020 |
|
|
|a 9788089369294
|q (brož.)
|
| 035 |
|
|
|a 22F896B0-944F-47FF-B0E8-7B4A4AF33C58
|
| 035 |
|
|
|a urn:nbn:sk:snk-amji37
|
| 035 |
|
|
|a urn:nbn:sk:snk-am001yp2
|
| 040 |
|
|
|a SNK
|b slo
|c SNK
|e AACR2
|
| 041 |
0 |
|
|a slo
|
| 044 |
|
|
|a xo
|c SK
|
| 072 |
|
7 |
|a 930
|x Historická veda. Pomocné vedy historické. Archívnictvo
|2 konspekt
|
| 080 |
|
|
|a 930.253(091)
|2 2001
|
| 080 |
|
|
|a 002
|2 2001
|
| 080 |
|
|
|a (036)
|2 2001
|
| 100 |
1 |
|
|a Hudec, Rudolf
|4 aut
|9 413102
|
| 245 |
1 |
0 |
|a Krátky sprievodca Archívom Divadelného ústavu Bratislava
|c Rudolf Hudec
|
| 250 |
|
|
|a 1. vyd.
|
| 260 |
|
|
|a Bratislava
|b Divadelný ústav
|c 2011
|
| 300 |
|
|
|a 118 s.
|b fotogr.
|c 20 cm
|
| 366 |
|
|
|e 400 výt.
|
| 490 |
1 |
|
|a Základné publikácie
|
| 504 |
|
|
|a Bibliogr. s. 112. Zoz. skrat.
|
| 610 |
2 |
7 |
|a Divadelný ústav (Bratislava, Slovensko)
|2 SNKPH
|9 33629
|
| 650 |
0 |
7 |
|a archívy
|x dejiny
|2 SNKPH
|9 124965
|
| 650 |
0 |
7 |
|a Archives
|x history
|2 SNKPHeng
|9 482543
|
| 650 |
0 |
7 |
|a dokumentácia
|2 SNKPH
|9 19518
|
| 650 |
0 |
7 |
|a divadelná dokumentácia
|2 SNKPH
|9 133657
|
| 650 |
0 |
7 |
|a archívne fondy
|2 SNKPH
|9 1974
|
| 650 |
0 |
7 |
|a archívne zbierky
|2 SNKPH
|9 58515
|
| 650 |
0 |
7 |
|a Documentation
|2 SNKPHeng
|9 323467
|
| 650 |
0 |
7 |
|a Archives
|2 SNKPHeng
|9 265292
|
| 655 |
|
7 |
|a sprievodcovia (publikácie)
|2 SNKPH
|9 219172
|
| 655 |
|
7 |
|a Guidebooks
|2 SNKPHeng
|9 268010
|
| 830 |
|
0 |
|a Základné publikácie
|9 340646
|
| 919 |
|
|
|a 978-80-89369-29-4
|
| 958 |
|
|
|a NB
|
| 968 |
|
|
|d 93/94
|
| 999 |
|
|
|c 1007446
|d 1009376
|
| 952 |
|
|
|a SNK
|b SNK
|y PREZ
|7 0
|p 17A0704762
|o snkSC 145809
|i snk2011/13540
|8 0
|0 0
|1 0
|4 0
|d 2011-06-13
|l 0
|r 2025-07-15 00:00:00
|w 2026-02-24
|
| 952 |
|
|
|a SNK
|b SNK
|y VYP
|7 0
|p 17A0704761
|o snkSC 145809 D1
|i snk2011/13541
|8 0
|0 0
|1 0
|4 0
|d 2011-06-13
|l 0
|r 2026-02-24 12:40:42
|w 2026-02-24
|
| 952 |
|
|
|t snkHUD 792(091)
|a SNKUST
|b SNKUST
|y PREZ
|7 0
|p 17A1123670
|o snkSC 145809 D2
|i snk2015/19456
|8 1
|0 0
|1 0
|4 0
|d 2015-06-23
|l 0
|r 2025-04-30 00:00:00
|w 2026-02-24
|